| 000 | 00447nam a2200145Ia 4500 | ||
|---|---|---|---|
| 008 | 150610s9999 xx 000 0 und d | ||
| 020 | _a0 448089297 | ||
| 050 |
_aPS3507 _b.I9274 S36 1977 |
||
| 100 | _aDixon, Franklin W. | ||
| 245 | 4 |
_aThe secret of the lost tunnel / _cby Franklin W. Dixon. |
|
| 260 |
_aNew York : _bGrosset & Dunlap, _c1977. |
||
| 300 |
_a174pages ; _c20 cm. |
||
| 440 | _aHardy boy mystery stories ; 29 | ||
| 520 | _aFiction. | ||
| 999 |
_c288167 _d288167 |
||